• 首页
  • 本馆介绍
  • 公告通知
  • 最新文献
  • 馆藏检索
  • 电子资源
  • 读者导购
  • 参考咨询
  • 我的图书馆
  • 登录
  • 详细信息显示
  • 放入我的书架
  • 预约/预借图书
  • 作者相关作品
  • 分类相关作品
  • 丛书相关作品
  • 出版社相关作品

书目信息

  • 表格格式
  • 工作单格式
  • 卡片格式
题名:
中国人口思想简史
    
 
作者: 张敏如 著
分册:  
出版信息: 北京   中国人民大学出版社  1982.10
页数: 194页
开本: 19cm
丛书名:
单 册:
中图分类: C924.2
科图分类:
主题词: 人口调查--中国
电子资源:
ISBN:
000 00534nam0 2200193 45
001 0405050983
005 20051228102122.54
010    @dCNY0.55
091    @a3011.165
100    @a20040505d1982 km y0chiy0120 ea
101 0  @achi
200 1  @a中国人口思想简史@AZhong Guo Ren Kou Si Xiang Jian Shi@f张敏如著@FZhangMin Ru Zhu
210    @a北京@c中国人民大学出版社@d1982.10
215    @a194页@d19cm
606 0  @a人口调查@x中国
690    @aC924.2@v3
701  0 @a张敏如@4著
801    @aCN@bPftUser@c20051228
905    @dC924.2@e7@f1@b81040
    
    中国人口思想简史/张敏如著.-北京:中国人民大学出版社,1982.10
    194页;19cm
    
    
    ISBN :CNY0.55
    
●
相关链接 在E读中查询图书 在五车中查询图书 在当当中查询图书 在豆瓣中查询图书


正题名:中国人口思想简史     索取号:C924.2/7         预约/预借

序号 登录号 条形码 馆藏地/架位号 状态 备注
1 0081040   001030609   第一样本阅览室/ [索取号:C924.2/7] 在馆    
2 0118529   202182645   密集书库/ [索取号:C924.2/7] 在馆    
3 0118530   001030627   密集书库/ [索取号:C924.2/7] 在馆    
4 0118531   001030618   密集书库/ [索取号:C924.2/7] 在馆    
唐山师范学院图书馆 欢迎您!
大连网信软件有限公司© 版权所有